Донбас,край пекла та любові (Запис № 17303)

000 -Маркер запису
Контрольне поле сталої довжини 01732nam a22002417a 4500
003 - Належність контрольного номера
Контрольне поле Uzh_bibl
008 - Кодовані дані
Контрольне поле сталої довжини 260409b |||||||| |||| 00| 0 ukr d
020 ## - Індекс ISBN
ISBN 978-8-986552-9-0
Ціна 250.00
040 ## - Джерело каталогіз.
Код мови каталог. укр.
041 ## - Код мови видання
Код мови оригіналу українська
Код мови тексту українська
080 ## - Індекс УДК
Індекс УДК 94(477)
090 ## - Шифри
Поличний індекс 94(477)
Авторський знак К 71
100 ## - Автор
Автор Коровайний,Сергій
245 ## - Назва
Назва Донбас,край пекла та любові
Фізичний носій Альбом
260 ## - Вихідні дані
Місце видання Київ
Видавництво Publish Pro
Дата видання 2025
300 ## - Фізичний опис
Обсяг 168 с.
Ілл./тип відтвор. фото.
Тип одиниці В опр.
520 ## - Анотація
Анотація У межах ініціативи FotoEvidence Ukraine Українська асоціація професійних фотографів (UAPP) видала фотокнигу Сергія Коровайного «Донбас, край пекла та любові» — особисту історію про дім, якого більше немає, і про любов до землі, яку неможливо викреслити з пам’яті. Сергій — родом із Харцизька. У цій книжці він переосмислює, що означає втратити рідне місце — і як продовжувати любити його, навіть коли воно окуповане й зруйноване. Видання охоплює 2000–2025 роки, показуючи Донбас як тривалий щоденний досвід: про пам’ять, травму, людяність і регіон, який змінився назавжди.
521 ## - Примітка про цільове призначення
Примітка про цільове призначення Для широкого кола читачів
546 ## - Примітка про мову
Примітка про мову укр.
650 ## - Тематичні рубрики
Основна рубрика Популярне видання
655 ## - Термін індексування — жанр/форма
Жанр/форма Фотоальбом
942 ## - ADDED ENTRY ELEMENTS (KOHA)
Джерело класифікації чи схема поличного розташування
Koha item type Книги
Фонди
Статус вилучення Статус втрати/відсутності Джерело класифікації чи схема поличного розташування Статус пошкодження Тип обігу (не для випозичання) Постійне розташування Поточне розташування Розташування у відділі Дата надходження Джерело надходження (постачальник) Інвентарний номер Total Checkouts Повний (примірниковий) шифр зберігання Штрих-код Date last seen Дата, для якої чинна ціна заміни Тип одиниці (рівень примірника)
          Публічна бібліотека Публічна бібліотека Читальна зала 08/04/2026 Подаровані 80844   94(477) 19300 09/04/2026 09/04/2026 Книги

Працює на АБІС Коха